| 000 | 00833nam a2200253 a 4500 | ||
|---|---|---|---|
| 001 | 68574 | ||
| 003 | BD-RjUL | ||
| 005 | 20211209081804.0 | ||
| 008 | 170403s1949 enkao 000 0 eng d | ||
| 035 | _a(BD-RjUL)68784 | ||
| 035 | _a2932649 | ||
| 040 |
_aANL _beng _cANL _dBD-RjUL |
||
| 041 | _aeng | ||
| 082 |
_223 _a615.7922 _bANT 1949 |
||
| 245 | 0 | 0 |
_aAntibiotics : _bA survey of penicillin, streptomycin, and other antimicrobial substances from fungi, actinomycetes, bacteria, and plants / _cH. W. Florey ... [et. al.] |
| 260 |
_aLondon : _bOxford University Press, _c1949 |
||
| 300 |
_aV. : _bill. ; _c25 cm |
||
| 490 | _aOxford medical publications. | ||
| 505 | _aVol.1 | ||
| 650 |
_aAnti-bacterial agents. _9203252 |
||
| 700 |
_aFlorey, H. W. _9203253 |
||
| 830 |
_aOxford medical publications. _9210110 |
||
| 942 |
_2ddc _cBK |
||
| 999 |
_c68574 _d68574 |
||